| 000 | 00506cam a2200193 4500 | ||
|---|---|---|---|
| 001 | D6288 | ||
| 008 | 090401t1981 xxu||||| |||| 00| 0 eng d | ||
| 035 | _a(Sirsi) u18 | ||
| 041 | _aeng | ||
| 050 | _a340.03 | ||
| 100 | _aJowitt, William Allen Earl | ||
| 245 | _aJowitt`s dictionary of English law. First supplement to he second edition | ||
| 260 |
_aLondon _bSweet and Maxwell _c1981 |
||
| 300 | _av. 101p. 25cm | ||
| 350 | _a12.5 | ||
| 700 | _aWilliams, Emlyn | ||
| 942 | _n0 | ||
| 948 | _c04/03/1997 | ||
| 999 |
_c85476 _d85476 |
||